Aperiodic Crystals : 7th International Conference on Aperiodic Crystals, Aperiodic 2012, Australia, Cairns 2nd - 7th of September, 2012
Salvato in:
| Altri autori: | , , |
|---|---|
| Natura: | Libro |
| Lingua: | inglese |
| Pubblicazione: |
Dordrecht :
Springer,
2013
|
| Tags: |
Nessun Tag, puoi essere il primo ad aggiungerne!!
|
MARC
| LEADER | 00000nam a22000003a 4500 | ||
|---|---|---|---|
| 001 | stu267854 | ||
| 005 | 20190206105228.3 | ||
| 008 | 130611s2013----ne------------------eng-d | ||
| 020 | |a 978-94-007-6430-9 | ||
| 040 | |a STU |b slo | ||
| 041 | 0 | |a eng | |
| 044 | |a ne | ||
| 100 | 1 | |a Schmid, Siegbert |4 edt | |
| 245 | 1 | |a Aperiodic Crystals : |b 7th International Conference on Aperiodic Crystals, Aperiodic 2012, Australia, Cairns 2nd - 7th of September, 2012 | |
| 260 | |a Dordrecht : |b Springer, |c 2013 | ||
| 300 | |a 286 p | ||
| 500 | |a zborník bol recenzovaný | ||
| 700 | 1 | |a Withers, Ray L. |4 edt | |
| 700 | 1 | |a Lifshitz, Ron |4 edt | |
| 996 | |b 284M085231 |c M*Z-4100 |l MMST |s A |a 24 |w stu267854_0001 | ||